000 01266nam0a22002771 4500
001 rc\2746299
005 20110915170301.8
035 _a(NLR Aleph) 006873365
090 _a6971214
_c6971214
100 _a20110915d1939 |||y0rusy50 ca
101 0 _arus
102 _aRU
105 _aa z |||||
200 1 _aИнструкция по электропрогреву бетона
_fВсес. н.-и. ин-т орг-ции строит-ва "Гипрооргстрой"
210 _aМосква
_aЛенинград
_cГосстройиздат
_d1939
_eЛенинград
215 _a80 с.
_cчерт.
_d19 см.
300 _aВ предисл. указаны составители: инж. И. Г. Совалов, инж. Д. Н. Беляев, К. П. Семенский и ред.: И. Г. Совалов
702 1 _aБеляев
_bД. Н.
_4220
702 1 _aСеменский
_bК. П.
_gКонстантин Петрович
_4220
702 1 _aСовалов
_bИ. Г.
_gИона Георгиевич
_4220
_4340
712 0 2 _aВсесоюзный н.-и. ин-т по проектированию орг-ции строит. работ
801 0 _aRU
_bNLR
_gpsbo
801 1 _aRU
_bELAR
_2rusmarc
852 _aNLR
_j39-10/263
942 _cBOOK
980 _aNB